000 00686nam a2200289Ia 4500
005 20260324144417.0
008 008 260324s9999 xx 000 0 eng d
020 _a9781315866475
037 _aEBOOK
040 _aCRL
040 _beng
040 _cCRL
041 _2eng
041 _aeng
084 _qCRL
100 _aStanley Rosen
_91219221
245 4 _aThe Quarrel Between Philosophy and Poetry
245 0 _bStudies in Ancient Thought
260 _bTaylor and Francis
260 _c1988
365 _a
365 _b280
856 _uhttp://www.taylorfrancis.com/books/9781315866475
942 _cEBOOK
999 _c1825804
_d1825804